One Washington Wizards Player By Season - Statistics

General Stats
  • This quiz has been taken 187 times
    88 since last reset
  • The average score is 36 of 64
Answer Stats
Season Players Full List % Correct
2024-25 Bilal Coulibaly | Bub Carrington | Jordan Poole | Kyle Kuzma | Alex Sarr | AJ Johnson | Kyshawn George | Corey Kispert | Colby Jones | Malcolm Brogdon | Khris Middleton | Justin Champagnie | Jonas Valančiūnas | JT Thor | Marcus Smart | Jaylen Martin | Richaun Holmes | Tristan Vukcevic | Jared Butler | Marvin Bagley III | Anthony Gill | Johnny Davis | Patrick Baldwin Jr. | Jalen McDaniels
97%
2022-23 Bradley Beal | Kristaps Porziņģis | Kyle Kuzma | Monte Morris | Corey Kispert | Deni Avdija | Rui Hachimura | Will Barton | Delon Wright | Jordan Goodwin | Daniel Gafford | Anthony Gill | Taj Gibson | Devon Dotson | Johnny Davis | Isaiah Todd | Jordan Schakel | Vernon Carey Jr. | Quenton Jackson | Kendrick Nunn | Jay Huff | Xavier Cooks | Jamaree Bouyea
97%
2021-22 Bradley Beal | Kyle Kuzma | Kentavious Caldwell-Pope | Spencer Dinwiddie | Kristaps Porziņģis | Brad Wanamaker | Montrezl Harrell | Deni Avdija | Corey Kispert | Rui Hachimura | Ish Smith | Daniel Gafford | Raul Neto | Tomáš Satoranský | Thomas Bryant | Aaron Holiday | Dāvis Bertāns | Anthony Gill | Greg Monroe | Vernon Carey Jr. | Tremont Waters | Jordan Schakel | Craig Sword | Isaiah Todd | Alize Johnson | Cassius Winston | Jordan Goodwin | Jaime Echenique | Joel Ayayi
97%
2023-24 Kyle Kuzma | Jordan Poole | Deni Avdija | Corey Kispert | Marvin Bagley III | Tyus Jones | Daniel Gafford | Tristan Vukcevic | Bilal Coulibaly | Richaun Holmes | Landry Shamet | Danilo Gallinari | Jared Butler | Justin Champagnie | Eugene Omoruyi | Patrick Baldwin Jr. | Delon Wright | Ryan Rollins | Mike Muscala | Jules Bernard | Anthony Gill | Johnny Davis | Hamidou Diallo | Trey Jemison
95%
2019-20 Bradley Beal | Rui Hachimura | Dāvis Bertāns | Ish Smith | Troy Brown Jr. | Thomas Bryant | Shabazz Napier | Jerome Robinson | Isaiah Thomas | Jordan McRae | Ian Mahinmi | Isaac Bonga | Moritz Wagner | Anžejs Pasečņiks | C.J. Miles | Gary Payton II | Jerian Grant | Jarrod Uthoff | Garrison Mathews | Chris Chiozza | Johnathan Williams | Admiral Schofield | Justin Robinson
95%
2018-19 Bradley Beal | John Wall | Trevor Ariza | Otto Porter Jr. | Bobby Portis | Jabari Parker | Jeff Green | Tomáš Satoranský | Markieff Morris | Kelly Oubre Jr. | Dwight Howard | Austin Rivers | Thomas Bryant | Sam Dekker | Chasson Randle | Ian Mahinmi | Troy Brown Jr. | Devin Robinson | Wesley Johnson | Jordan McRae | Ron Baker | Jason Smith | Gary Payton II | John Jenkins | Okaro White
95%
2017-18 Bradley Beal | John Wall | Otto Porter Jr. | Kelly Oubre Jr. | Markieff Morris | Marcin Gortat | Tomáš Satoranský | Mike Scott | Ramon Sessions | Ian Mahinmi | Jodie Meeks | Tim Frazier | Devin Robinson | Jason Smith | Chris McCullough
95%
2016-17 John Wall | Bradley Beal | Otto Porter Jr. | Markieff Morris | Marcin Gortat | Bojan Bogdanović | Kelly Oubre Jr. | Ian Mahinmi | Marcus Thornton | Brandon Jennings | Jason Smith | Tomáš Satoranský | Trey Burke | Sheldon Mac | Andrew Nicholson | Chris McCullough | Daniel Ochefu | Danuel House Jr.
95%
2015-16 John Wall | Bradley Beal | Otto Porter Jr. | Marcin Gortat | Markieff Morris | Jared Dudley | Garrett Temple | Ramon Sessions | Gary Neal | Nenê | Kris Humphries | Marcus Thornton | Alan Anderson | Kelly Oubre Jr. | Drew Gooden | Ryan Hollins | J.J. Hickson | DeJuan Blair | Jarell Eddie
95%
2014-15 John Wall | Bradley Beal | Marcin Gortat | Paul Pierce | Nenê | Kris Humphries | Rasual Butler | Ramon Sessions | Otto Porter Jr. | Drew Gooden | Kevin Séraphin | Garrett Temple | Andre Miller | Martell Webster | Will Bynum | Glen Rice Jr. | DeJuan Blair | Toure' Murry
95%
2013-14 John Wall | Trevor Ariza | Bradley Beal | Marcin Gortat | Nenê | Martell Webster | Trevor Booker | Drew Gooden | Al Harrington | Andre Miller | Jan Veselý | Kevin Séraphin | Chris Singleton | Glen Rice Jr. | Eric Maynor | Otto Porter Jr. | Garrett Temple
95%
2012-13 John Wall | Bradley Beal | Martell Webster | Nenê | Trevor Ariza | Jordan Crawford | Emeka Okafor | Garrett Temple | A.J. Price | Kevin Séraphin | Shelvin Mack | Shaun Livingston | Trevor Booker | Cartier Martin | Chris Singleton | Jannero Pargo | Jan Veselý | Earl Barron | Jason Collins
95%
2020-21 Russell Westbrook | Bradley Beal | Rui Hachimura | Thomas Bryant | Dāvis Bertāns | Deni Avdija | Raul Neto | Ish Smith | Robin Lopez | Jerome Robinson | Daniel Gafford | Garrison Mathews | Alex Len | Chandler Hutchison | Moritz Wagner | Troy Brown Jr. | Jordan Bell | Isaac Bonga | Anthony Gill | Anžejs Pasečņiks | Cassius Winston
93%
2010-11 John Wall | Gilbert Arenas | Andray Blatche | Jordan Crawford | Nick Young | Rashard Lewis | Kirk Hinrich | JaVale McGee | Maurice Evans | Josh Howard | Larry Owens | Al Thornton | Othyus Jeffers | Yi Jianlian | Trevor Booker | Mike Bibby | Alonzo Gee | Kevin Séraphin | Cartier Martin | Hilton Armstrong | Mustafa Shakur | Lester Hudson | Hamady N'Diaye
91%
2011-12 John Wall | Nick Young | Jordan Crawford | JaVale McGee | Rashard Lewis | Nenê | Trevor Booker | Andray Blatche | Cartier Martin | James Singleton | Chris Singleton | Kevin Séraphin | Jan Veselý | Morris Almond | Ronny Turiaf | Maurice Evans | Roger Mason | Edwin Ubiles | Shelvin Mack | Brian Cook | Hamady N'Diaye
89%
2009-10 Caron Butler | Antawn Jamison | Gilbert Arenas | Mike Miller | Brendan Haywood | Al Thornton | Andray Blatche | Shaun Livingston | James Singleton | Randy Foye | Josh Howard | Nick Young | Earl Boykins | Alonzo Gee | JaVale McGee | DeShawn Stevenson | Cartier Martin | Mike James | Fabricio Oberto | Quinton Ross | Cedric Jackson | Dominic McGuire | Paul Davis | Mike Harris
71%
2008-09 Gilbert Arenas | Caron Butler | Antawn Jamison | Mike James | Brendan Haywood | DeShawn Stevenson | Dominic McGuire | Andray Blatche | Nick Young | Antonio Daniels | Javaris Crittenton | Darius Songaila | Juan Dixon | JaVale McGee | Dee Brown | Etan Thomas | Oleksiy Pecherov
70%
2007-08 Gilbert Arenas | Caron Butler | Antawn Jamison | DeShawn Stevenson | Antonio Daniels | Brendan Haywood | Roger Mason | Andray Blatche | Darius Songaila | Nick Young | Mike Wilks | Dominic McGuire | Oleksiy Pecherov
70%
2006-07 Gilbert Arenas | Caron Butler | Antawn Jamison | DeShawn Stevenson | Brendan Haywood | Antonio Daniels | Jarvis Hayes | Etan Thomas | Darius Songaila | Andray Blatche | Michael Ruffin | Calvin Booth | Roger Mason | Donell Taylor | Mike Hall | James Lang
70%
2005-06 Gilbert Arenas | Antawn Jamison | Caron Butler | Antonio Daniels | Jared Jeffries | Jarvis Hayes | Brendan Haywood | Chucky Atkins | Etan Thomas | Michael Ruffin | Donell Taylor | Billy Thomas | Calvin Booth | Andray Blatche | Awvee Storey
70%
2004-05 Gilbert Arenas | Larry Hughes | Antawn Jamison | Jarvis Hayes | Brendan Haywood | Jared Jeffries | Kwame Brown | Etan Thomas | Juan Dixon | Michael Ruffin | Steve Blake | Anthony Peeler | Damone Brown | Laron Profit | Samaki Walker | Peter John Ramos
70%
2003-04 Gilbert Arenas | Larry Hughes | Kwame Brown | Jerry Stackhouse | Jarvis Hayes | Etan Thomas | Jared Jeffries | Juan Dixon | Christian Laettner | Brendan Haywood | Brevin Knight | Steve Blake | Mitchell Butler | Chris Whitney | Lonny Baxter | Torraye Braggs | Jahidi White
70%
2002-03 Michael Jordan | Jerry Stackhouse | Larry Hughes | Christian Laettner | Tyronn Lue | Brendan Haywood | Kwame Brown | Bryon Russell | Juan Dixon | Jared Jeffries | Jahidi White | Etan Thomas | Charles Oakley | Bobby Simmons | Anthony Goldwire | Brian Cardinal
61%
2001-02 Michael Jordan | Richard Hamilton | Chris Whitney | Christian Laettner | Popeye Jones | Hubert Davis | Courtney Alexander | Tyrone Nesby | Tyronn Lue | Brendan Haywood | Jahidi White | Kwame Brown | Etan Thomas | Bobby Simmons
61%
1977-78 Wes Unseld | Elvin Hayes | Bob Dandridge | Tom Henderson | Mitch Kupchak | Kevin Grevey | Phil Chenier | Larry Wright | Charles Johnson | Greg Ballard | Phil Walker | Joe Pace
58%
1976-77 Wes Unseld | Elvin Hayes | Phil Chenier | Truck Robinson | Tom Henderson | Dave Bing | Mitch Kupchak | Larry Wright | Leonard Gray | Kevin Grevey | Nick Weatherspoon | Bob Weiss | Jimmy Jones | Mike Riordan | Joe Pace
58%
1975-76 Wes Unseld | Elvin Hayes | Phil Chenier | Dave Bing | Truck Robinson | Mike Riordan | Jimmy Jones | Nick Weatherspoon | Clem Haskins | Kevin Grevey | Tom Kozelko | Tom Kropp
58%
1974-75 Wes Unseld | Elvin Hayes | Phil Chenier | Kevin Porter | Mike Riordan | Jimmy Jones | Nick Weatherspoon | Truck Robinson | Tom Kozelko | Clem Haskins | Dick Gibbs | Stan Washington | Dennis DuVal
58%
1973-74 Wes Unseld | Elvin Hayes | Mike Riordan | Phil Chenier | Archie Clark | Kevin Porter | Nick Weatherspoon | Manny Leaks | Tom Kozelko | Louie Nelson | Walt Wesley | Dave Stallworth | Rich Rinaldi | Tom Patterson
58%
1972-73 Wes Unseld | Elvin Hayes | Mike Riordan | Phil Chenier | Archie Clark | Mike Davis | Rich Rinaldi | Kevin Porter | Dave Stallworth | Flynn Robinson | Stan Love | John Tresvant | Terry Driscoll | Tom Patterson
58%
1978-79 Wes Unseld | Elvin Hayes | Bob Dandridge | Tom Henderson | Kevin Grevey | Mitch Kupchak | Larry Wright | Charles Johnson | Greg Ballard | Phil Chenier | Dave Corzine | Roger Phegley
57%
1971-72 Wes Unseld | Earl Monroe | Archie Clark | Jack Marin | Fred Carter | Phil Chenier | Dave Stallworth | Mike Riordan | Kevin Loughery | John Tresvant | Stan Love | Gus Johnson | Gary Zeller | Dorie Murrey | Terry Driscoll | Rich Rinaldi
57%
1970-71 Wes Unseld | Earl Monroe | Gus Johnson | Jack Marin | Kevin Loughery | Eddie Miles | Fred Carter | John Tresvant | George Johnson | Dorie Murrey | Jim Barnes | Al Tucker | Gary Zeller | Dennis Stewart
57%
1969-70 Wes Unseld | Earl Monroe | Gus Johnson | Kevin Loughery | Jack Marin | Mike Davis | Ray Scott | Eddie Miles | Leroy Ellis | Fred Carter | Al Tucker | Ed Manning | Brian Heaney | Bob Quick
57%
1968-69 Wes Unseld | Earl Monroe | Kevin Loughery | Gus Johnson | Jack Marin | Ray Scott | Leroy Ellis | John Barnhill | Barry Orms | Ed Manning | Bob Quick | Bob Ferry | Tom Workman
57%
1980-81 Wes Unseld | Elvin Hayes | Bob Dandridge | Kevin Grevey | Greg Ballard | Kevin Porter | Wes Matthews | Mitch Kupchak | Don Collins | Carlos Terry | Austin Carr | Anthony Roberts | Rick Mahorn | John Williamson | Andre McCarter | Keith McCord | Dave Britton | Lewis Brown
55%
1979-80 Wes Unseld | Elvin Hayes | Bob Dandridge | Greg Ballard | Kevin Grevey | Jim Cleamons | Phil Chenier | Kevin Porter | John Williamson | Roger Phegley | Larry Wright | Mitch Kupchak | Ron Behagen | Dave Corzine | Lawrence Boston | Gus Bailey | Steve Malovic
55%
1999-00 Juwan Howard | Mitch Richmond | Rod Strickland | Michael Smith | Tracy Murray | Isaac Austin | Chris Whitney | Don Reid | Richard Hamilton | Jahidi White | Aaron Williams | Gerard King | Calvin Booth | Lorenzo Williams | Reggie Jordan | Laron Profit
34%
1987-88 Moses Malone | Bernard King | Jeff Malone | John Williams | Steve Colter | Terry Catledge | Muggsy Bogues | Charles Jones | Darrell Walker | Frank Johnson | Manute Bol | Mark Alarie | Jay Murphy
34%
1985-86 Jeff Malone | Jeff Ruland | Cliff Robinson | Gus Williams | Dan Roundfield | Frank Johnson | Manute Bol | Charles Jones | Leon Wood | Darren Daye | Tom McMillen | Kevin McKenna | Perry Moss | Freeman Williams | Dudley Bradley | Kenny Green | Ennis Whatley | George Johnson | Claude Gregory
34%
1967-68 Earl Monroe | Gus Johnson | Ray Scott | Leroy Ellis | Kevin Loughery | Don Ohl | Jack Marin | Bob Ferry | Johnny Egan | Ed Manning | Stan McKenzie | Tom Workman | Roland West
34%
1997-98 Juwan Howard | Rod Strickland | Chris Webber | Calbert Cheaney | Tracy Murray | Terry Davis | Ben Wallace | Harvey Grant | Chris Whitney | Ledell Eackles | Jimmy Oliver | Tim Legler | Darvin Ham | Lorenzo Williams | God Shammgod | Lawrence Moten
33%
1986-87 Moses Malone | Jeff Malone | Terry Catledge | Jay Vincent | Ennis Whatley | John Williams | Frank Johnson | Michael Adams | Charles Jones | Manute Bol | Dan Roundfield | Darwin Cook | Mike O'Koren | Anthony Jones | Jay Murphy
33%
2000-01 Juwan Howard | Courtney Alexander | Mitch Richmond | Richard Hamilton | Rod Strickland | Christian Laettner | Hubert Davis | Chris Whitney | Tyrone Nesby | Jahidi White | Felipe López | Michael Smith | David Vanterpool | Laron Profit | Calvin Booth | Gerard King | Popeye Jones | Cherokee Parks | Loy Vaught | Mike Smith | Obinna Ekezie
32%
1996-97 Juwan Howard | Chris Webber | Rod Strickland | Calbert Cheaney | Gheorghe Mureșan | Tracy Murray | Harvey Grant | Jaren Jackson | Lorenzo Williams | Chris Whitney | Tim Legler | Gaylon Nickerson | Ben Wallace | Ashraf Amaya | Matt Fish
32%
1998-99 Juwan Howard | Mitch Richmond | Rod Strickland | Otis Thorpe | Ben Wallace | Calbert Cheaney | Tracy Murray | Terry Davis | Tim Legler | Jeff McInnis | Chris Whitney | Randell Jackson | Jahidi White | John Coker | Etdrick Bohannon
30%
1995-96 Juwan Howard | Chris Webber | Robert Pack | Calbert Cheaney | Gheorghe Mureșan | Rasheed Wallace | Brent Price | Tim Legler | Ledell Eackles | Mark Price | Chris Whitney | Jim McIlvaine | Mitchell Butler | Greg Grant | Kevin Pritchard | Bob McCann | Michael Curry | Jeff Webster | Bob Thornton | Mike Peplowski | Cedric Lewis
30%
1993-94 Tom Gugliotta | Rex Chapman | Michael Adams | Don MacLean | Pervis Ellison | Calbert Cheaney | Kevin Duckworth | Kenny Walker | Ron Anderson | Mitchell Butler | Brent Price | Marty Conlon | Doug Overton | Gheorghe Mureșan | Larry Stewart | Andrew Gaze | Tito Horford | Gerald Paddio | LaBradford Smith | Manute Bol
30%
1989-90 Bernard King | Jeff Malone | Darrell Walker | John Williams | Charles Jones | Mark Alarie | Harvey Grant | Ledell Eackles | Melvin Turpin | Steve Colter | Tom Hammonds | Doug Roth | Ed Horton
30%
1988-89 Bernard King | Jeff Malone | Darrell Walker | John Williams | Terry Catledge | Charles Jones | Ledell Eackles | Steve Colter | Harvey Grant | Mark Alarie | Dave Feitl | Charles Jones | Dominic Pressley
30%
1984-85 Jeff Malone | Jeff Ruland | Gus Williams | Greg Ballard | Cliff Robinson | Rick Mahorn | Charles Jones | Tom McMillen | Frank Johnson | Darren Daye | Dudley Bradley | Don Collins | Charles Davis | Guy Williams | Tom Sewell
30%
1965-66 Walt Bellamy | Don Ohl | Kevin Loughery | Gus Johnson | Bailey Howell | Jim Barnes | Red Kerr | Johnny Egan | Johnny Green | Wayne Hightower | Bob Ferry | Jerry Sloan | Ben Warley | Willie Somerset | Thales McReynolds | Gary Bradds
30%
1964-65 Walt Bellamy | Gus Johnson | Bailey Howell | Don Ohl | Kevin Loughery | Wayne Hightower | Bob Ferry | Wali Jones | Si Green | Charlie Hardnett | Gary Bradds | Al Butler | Gary Hill | Les Hunter
30%
1990-91 Bernard King | Harvey Grant | Darrell Walker | John Williams | Haywoode Workman | Pervis Ellison | Charles Jones | Ledell Eackles | Larry Robinson | A.J. English | Tom Hammonds | Mark Alarie | Greg Foster | Byron Irvin | Clinton Smith
29%
1963-64 Walt Bellamy | Gus Johnson | Terry Dischinger | Rod Thorn | Si Green | Kevin Loughery | Gene Shue | Larry Staverman | Barney Cable | Don Kojis | Charlie Hardnett | Bill McGill | Larry Comley | Paul Hogue | Roger Strickland | Mel Peterson
29%
1991-92 Pervis Ellison | Harvey Grant | Michael Adams | Larry Stewart | Tom Hammonds | David Wingate | Ledell Eackles | Rex Chapman | A.J. English | Charles Jones | LaBradford Smith | Andre Turner | Derek Strong | Greg Foster | Ralph Sampson | Albert King
28%
1983-84 Jeff Ruland | Greg Ballard | Rick Mahorn | Frank Johnson | Ricky Sobers | Jeff Malone | Tom McMillen | Darren Daye | Joe Kopicki | Charles Davis | Bryan Warrick | Mike Gibson | DeWayne Scales | Michael Wilson
28%
1994-95 Chris Webber | Tom Gugliotta | Juwan Howard | Calbert Cheaney | Scott Skiles | Rex Chapman | Don MacLean | Gheorghe Mureșan | Doug Overton | Kevin Duckworth | Mitchell Butler | Anthony Tucker | Kenny Walker | Jim McIlvaine | Larry Stewart | Brian Oliver
26%
1966-67 Gus Johnson | Ray Scott | Don Ohl | Kevin Loughery | Leroy Ellis | Johnny Egan | John Barnhill | Bob Ferry | Jack Marin | Wayne Hightower | Ben Warley | Johnny Green | Johnny Austin | Mel Counts
26%
1982-83 Rick Mahorn | Greg Ballard | Jeff Ruland | Ricky Sobers | Frank Johnson | Don Collins | Spencer Haywood | Kevin Porter | Billy Ray Bates | Kevin Grevey | Bryan Warrick | Charles Davis | Joe Kopicki | Chubby Cox | John Lucas | Dave Batton | Joe Cooper | Carlos Terry | Steve Lingenfelter
25%
1981-82 Greg Ballard | Rick Mahorn | Kevin Grevey | Spencer Haywood | Jeff Ruland | Frank Johnson | John Lucas | Don Collins | Jim Chones | Brad Holland | Garry Witts | Charles Davis | Carlos Terry
25%
1992-93 Harvey Grant | Michael Adams | Pervis Ellison | Tom Gugliotta | Larry Stewart | LaBradford Smith | Doug Overton | Rex Chapman | Mark Acres | Charles Jones | Buck Johnson | Brent Price | Byron Irvin | Don MacLean | Greg Foster | Steve Burtt | Larry Robinson | Chris Corchiani | Alan Ogg
22%
1961-62 Walt Bellamy | Si Green | Slick Leonard | Barney Cable | Andy Johnson | Woody Sauldsberry | Vern Hatton | Ralph Davis | Charlie Tyra | Horace Walker | Archie Dees | Dave Piontek | Jack Turner | Howie Carl | Joe Graboski | York Larese | George Bon Salle
22%
1962-63 Walt Bellamy | Terry Dischinger | Si Green | Woody Sauldsberry | Barney Cable | Slick Leonard | Maurice King | Johnny Cox | Charlie Hardnett | Nick Mantis | Larry Staverman | Don Nelson | Ralph Wells | Mel Nowell | Bill McGill | Al Ferrari | Jeff Slade
20%
No matching quizzes found
Score Distribution
Percent of People with Each Score
Percentile by Number Answered
Your Score History
You have not taken this quiz since the last reset